000 00712nam a2200289Ia 4500
005 20260324115146.0
008 008 260324s9999 xx 000 0 eng d
020 _a9780429425967
037 _aEBOOK
040 _aCRL
040 _beng
040 _cCRL
041 _2eng
041 _aeng
084 _qCRL
100 _aTerra Vanzant Stern, PhD
_91149458
245 0 _aLeaner Six Sigma
245 0 _bMaking Lean Six Sigma Easier and Adaptable to Current Workplaces
260 _bTaylor and Francis
260 _c2019
365 _a
365 _b51.99
856 _uhttp://www.taylorfrancis.com/books/9780429425967
942 _cEBOOK
999 _c1744261
_d1744261